Formuła 1 - składy zespołów 1999 - Statystyki

Ogólne statystyki
  • Ten quiz został rozwiązany 28 razy
  • Średni wynik to 15 z 25
Statystyki odpowiedzi
Zespół Kraj Zawodnik Rundy % Poprawnych
Ferrari Niemcy Michael Schumacher 1-8, 15-16
100%
Williams Niemcy Ralf Schumacher
100%
McLaren Finlandia Mika Hakkinen
95%
W.Brytania Eddie Irvine
85%
Niemcy Heinz-Harald Frentzen
80%
Stewart Brazylia Rubens Barrichello
80%
Benetton Włochy Giancarlo Fisichella
75%
Jordan W.Brytania Damon Hill
70%
W.Brytania David Coulthard
70%
BAR Kanada Jacques Villeneuve
70%
Włochy Jarno Trulli
60%
Sauber Francja Jean Alesi
60%
W.Brytania Johnny Herbert
60%
Finlandia Mika Salo 9-14
60%
Finlandia Mika Salo 3-5
60%
Arrows Hiszpania Pedro de la Rosa
60%
Austria Alexander Wurz
55%
Prost Francja Olivier Panis
55%
Włochy Luca Badoer 1, 3-16
50%
Brazylia Ricardo Zonta 1-2, 6-16
45%
Włochy Alessandro Zanardi
40%
Minardi Hiszpania Marc Gene
35%
Brazylia Pedro Diniz
25%
Japonia Tora Takagi
25%
Francja Stephane Sarrazin 2
15%
Nie znaleziono quizów pasujących do podanych kryteriów
Rozkład punktacji
Procent ludzi z każdym wynikiem
Percentyl według liczby udzielonych odpowiedzi
Twoja historia wyników
Nie rozwiązałeś tego quizu